01135nam a2200277 a 45000010008000000030004000080050017000120080041000290100017000700200022000870400013001090410013001220430012001350820016001471300055001632450169002182600054003873000021004415000120004625040041005826500042006236500050006656510064007157000027007797000051008064871899OSt20230620133444.0921113s1992 mdu b 100 0 eng  a 92061522  a0935318194 (pbk.) aDLCcDLC1 aenghspa acl-----00a320.98bBER0 aCultura y gobernabilidad democráticas.lEnglish.10aDemocratic culture and governance :bLatin America on the threshold of the third millennium /cLuis Albala-Bertrand, coordinator ; authors, Garretón ... [et al.]. a[Buenos Aires?] :bUNESCO :bHispamerica,cc1992. a159 p. ;c22 cm. aBased on papers from a Conference, held Nov. 27-30, 1990, in Montevideo, organized by UNESCO and the PAX Institute. aIncludes bibliographical references. 0aDemocracyzLatin AmericaxCongresses. 0aPolitical culturezLatin AmericaxCongresses. 0aLatin AmericaxPolitics and governmenty1980- xCongresses.2 aAlbala-Bertrand, Luis.2 aGarretón Merino, Manuel A.q(Manuel Antonio)